Aurora alegre del dichoso día de la gracia María Santísima digna madre de Dios.

Detalles Bibliográficos
Autor principal: VERDEO, Francisco Antonio de (Fray)
Formato: Libro
Publicado: México 1730
Materias:
Colección:Banco de datos
Acervo:Biblioteca del Convento de Santa Mónica de la Ciudad de Puebla. Puebla
Tema general:Mariología
Notas:Buena. No. de Reg. 188502. D2, 10.
LEADER 00694nam a22001930004500
035 |a 52258 
036 |a 2026 
100 1 |a VERDEO, Francisco Antonio de (Fray) 
245 1 0 |a Aurora alegre del dichoso día de la gracia María Santísima digna madre de Dios. 
260 |a México  |b imp. José Bernardo de Hogal  |c 1730 
500 |a Buena. No. de Reg. 188502. D2, 10. 
650 1 0 |a Mariología 
949 |a CRP-SM 
959 |a Ex convento de Santa Mónica. Puebla, Puebla  |b CCC5 
960 |a Convento de Santa Mónica de la ciudad de Puebla  |b DD88 
961 |a Franciscana  |b OF 
942 |c CRP-SM 
943 |g Biblioteca del Convento de Santa Mónica de la Ciudad de Puebla. Puebla 
999 |c 962596  |d 962596